|
|
|
|
| LEADER |
01157nam a2200265 a 4500 |
| 001 |
GR-MES10730 |
| 008 |
060920s gr b 001 0 gre d |
| 020 |
|
|
|a 9602095334
|
| 040 |
|
|
|a GrPaTEI
|b gre
|c GR-PaULI
|
| 040 |
|
|
|a GrPaTEI
|b gre
|c GR-PaULI
|
| 110 |
2 |
|
|a Persrection Inc.
|
| 245 |
1 |
0 |
|a Microsoft office xp βήμα βήμα /
|c Perspection ,Inc ; Online training solutions ; Curtis Ftye , Kristen Crupi.
|
| 260 |
|
|
|a Αθήνα :
|b Κλειδάριθμος,
|c c2001
|
| 300 |
|
|
|a xxi , 766σελ. :
|b έγχρ. εικ. ;
|c 24εκ. +
|e 1 CD-ROM
|
| 500 |
|
|
|a τίτλος πρωτοτύπου: Microsoft office XP step by step
|
| 504 |
|
|
|a περιέχει ευρετήριο
|
| 650 |
|
0 |
|a Microsoft Office
|
| 650 |
|
4 |
|a Επιχειρήσεις
|x προγράμματα Η/Υ
|
| 700 |
1 |
|
|a Crupi, Kristen
|
| 700 |
1 |
|
|a Frye, Curtis
|
| 710 |
2 |
|
|a Online training solutions
|
| 942 |
|
|
|2 ddc
|
| 952 |
|
|
|0 0
|1 0
|2 ddc
|4 0
|6 005_369000000000000_MIC
|7 0
|9 270041
|a MSLG
|b MSLG
|c BSC
|d 2021-01-17
|e 24
|f 0
|g 0.00
|l 0
|o 005.369 MIC
|p 2420000020120
|r 2021-01-17 00:00:00
|t 1
|w 2021-01-17
|y BK15
|x 20060920 0 1
|x GrPaTEI
|
| 971 |
|
|
|a .b2576777x
|b 15-04-20
|c 13-09-16
|
| 999 |
|
|
|c 155923
|d 155923
|